000 00284nam a22001097a 4500
020 _a9789380873442
082 _a664.028
_bRAM/FR
245 _aFruits and vegetable preservation
260 _aDelhi
_bEducational Publishers and Distributors
_c2011
700 _aRamesh Chand
942 _cBK
999 _c13997
_d13997